Proloog, peristiwa dan epiloog G-30-S/P. K. I. Keterangan A. H. Nasution. (Record no. 77997)

MARC details
000 -LEADER
fixed length control field 00901cam a22002651 4500
001 - CONTROL NUMBER
control field sa 68001498
003 - CONTROL NUMBER IDENTIFIER
control field DLC
005 - DATE AND TIME OF LATEST TRANSACTION
control field 20260227112434.0
008 - FIXED-LENGTH DATA ELEMENTS--GENERAL INFORMATION
fixed length control field 890913s1967 io 000 0 dut
010 ## - LIBRARY OF CONGRESS CONTROL NUMBER
LC control number sa 68001498
035 ## - SYSTEM CONTROL NUMBER
System control number (OCoLC)23432220
040 ## - CATALOGING SOURCE
Original cataloging agency DLC
Transcribing agency MiU
Modifying agency DLC
042 ## - AUTHENTICATION CODE
Authentication code premarc
050 00 - LIBRARY OF CONGRESS CALL NUMBER
Classification number DS644
Item number .N28 1967
100 1# - MAIN ENTRY--PERSONAL NAME
Personal name Nasution, Abdul Haris,
Dates associated with a name 1918-2000.
245 10 - TITLE STATEMENT
Title Proloog, peristiwa dan epiloog G-30-S/P. K. I. Keterangan A. H. Nasution.
260 ## - PUBLICATION, DISTRIBUTION, ETC.
Place of publication, distribution, etc. Djakarta,
Name of publisher, distributor, etc. Tjandra-Kartika,
Date of publication, distribution, etc. 1967.
300 ## - PHYSICAL DESCRIPTION
Extent 72 p.
Other physical details illus.
Dimensions 21 cm.
490 0# - SERIES STATEMENT
Series statement Untuk direnungkan,
Volume/sequential designation 3
500 ## - GENERAL NOTE
General note Cover title.
500 ## - GENERAL NOTE
General note Previously published under the title: Keterangan2 bekas Menko Hankam berhubung dengan pelnawaksara.
500 ## - GENERAL NOTE
General note This edition published without appendix.
610 20 - SUBJECT ADDED ENTRY--CORPORATE NAME
Corporate name or jurisdiction name as entry element Partai Komunis Indonesia.
651 #0 - SUBJECT ADDED ENTRY--GEOGRAPHIC NAME
Geographic name Indonesia
General subdivision Politics and government
Chronological subdivision 1950-1966.

No items available.

Powered by Koha